000 00427nam a2200157Ia 4500
003 GCL
008 140319s9999 xx 000 0 eng d
040 _aGCL /
_cGCL
082 0 4 _a709.73
_bT F
100 1 _aTAYLOR, JOSHUA CHARLES
245 1 0 _aTHE FINE ARTS IN AMERICA /
_cTAYLOR, JOSHUA CHARLES
260 _a[S.N] :
_bTHE UNIVERSITY OF CHICAGS PRESS
650 0 4 _aART, AMERICAN
650 0 4 _aART, AFRICA
942 _2ddc
_cBK
999 _c17239
_d17239